000 00662nam a2200277Ia 4500
005 20260324122407.0
008 008 260324s9999 xx 000 0 eng d
020 _a9780203001912
037 _aEBOOK
040 _aCRL
040 _beng
040 _cCRL
041 _2eng
041 _aeng
084 _qCRL
100 _aPeter Schrijver
_91166271
245 0 _aLanguage Contact and the Origins of the Germanic Languages
260 _bTaylor and Francis
260 _c2013
365 _a
365 _b240
856 _uhttp://www.taylorfrancis.com/books/9780203001912
942 _cEBOOK
999 _c1758984
_d1758984